Hệ thống câu hỏi và bài tập môn quản lý tài chính nhà nước

Na minha lista:
Detalhes bibliográficos
Autor principal: Phạm, Văn Khoan
Formato: Livro
Idioma:Undetermined
Publicado em: Hà Nội Đại học Bách Khoa Hà Nội 2001
Assuntos:
Tags: Adicionar Tag
Sem tags, seja o primeiro a adicionar uma tag!
Thư viện lưu trữ: Trung tâm Học liệu Trường Đại học Cần Thơ
LEADER 00625nam a2200193Ia 4500
001 CTU_110729
008 210402s9999 xx 000 0 und d
020 |c 12000 
082 |a 658.15 
082 |b Kh406 
100 |a Phạm, Văn Khoan 
245 0 |a Hệ thống câu hỏi và bài tập môn quản lý tài chính nhà nước 
245 0 |c Phạm Văn Khoan 
260 |a Hà Nội 
260 |b Đại học Bách Khoa Hà Nội 
260 |c 2001 
650 |a Financial management,Managerial accounting 
904 |i Tuyến 
980 |a Trung tâm Học liệu Trường Đại học Cần Thơ